Southville International School and Colleges
Your cart is empty.
  • Cart
  • Lists
    Public lists list_1 View all
    Your lists Log in to create your own lists
  • Log in to your account
  • Your cookies
  • Search history
Southville International School and Colleges
  • Advanced search
  • Recent comments
  • Most popular
  • Libraries

Log in to your account

Log in with GOOGLE


If you do not have an external account, but do have a local account, you can still log in:

  1. Home
  2. MARC view: Wanda's first day /
Normal view MARC view ISBD view

Wanda's first day / (Record no. 113761)

[ view plain ]
MARC details
000 -LEADER
fixed length control field 00644nam a2200193 a 4500
001 - CONTROL NUMBER
control field 2950
005 - DATE AND TIME OF LATEST TRANSACTION
control field 20140414132037.0
008 - FIXED-LENGTH DATA ELEMENTS--GENERAL INFORMATION
fixed length control field 051130s19uu xx 00 eng d
020 ## - INTERNATIONAL STANDARD BOOK NUMBER
International Standard Book Number 0-439-67907-9
050 ## - LIBRARY OF CONGRESS CALL NUMBER
Classification number TR
Item number W11 2004
100 ## - MAIN ENTRY--PERSONAL NAME
Personal name Sperring, Mark
245 ## - TITLE STATEMENT
Title Wanda's first day /
Statement of responsibility, etc by Mark Sperring ; illustrated by Kate Liz Pope.
260 ## - PUBLICATION, DISTRIBUTION, ETC. (IMPRINT)
Place of publication, distribution, etc New York :
Name of publisher, distributor, etc Scholastic,
Date of publication, distribution, etc 2004.
300 ## - PHYSICAL DESCRIPTION
Extent 1 v. p. ; cm.
520 ## - SUMMARY, ETC.
Summary, etc Every morning and evening the Sun and the Moon glance shyly to each other from across the earth, each longing for friendship.
650 ## - SUBJECT ADDED ENTRY--TOPICAL TERM
Topical term or geographic name as entry element Friendship
General subdivision Fiction.
650 ## - SUBJECT ADDED ENTRY--TOPICAL TERM
Topical term or geographic name as entry element Children stories.
Holdings
Withdrawn status Lost status Damaged status Use restrictions Home library Current library Shelving location Date acquired Source of acquisition Cost, normal purchase price Total Checkouts Full call number Barcode Date last seen Price effective from Koha item type
        Munich Library Munich Library Teachers Reference Section 11/30/2005   145.00   TR W11 2004 M5393 04/14/2014 04/14/2014 Books

Wanda's first day /

APA

Sperring M., . (2004). Wanda's first day. New York: Scholastic.

Chicago

Sperring Mark, . 2004. Wanda's first day. New York: Scholastic.

Harvard

Sperring M., . (2004). Wanda's first day. New York: Scholastic.

MLA

Sperring Mark, . Wanda's first day. New York: Scholastic. 2004.

  • Place hold
  • Print
  • Cite
  • Add to your cart (remove)
  • Save record
    BIBTEX Dublin Core MARCXML MARC (non-Unicode/MARC-8) MARC (Unicode/UTF-8) MARC (Unicode/UTF-8, Standard) MODS (XML) RIS
  • More searches
    Search for this title in:
    Other Libraries (WorldCat) Other Databases (Google Scholar) Online Stores (Bookfinder.com) Open Library (openlibrary.org)

Exporting to Dublin Core...

SOUTHVILLE LIBRARY

Southville International School and Colleges Library

1281 Tropical Ave. Cor. Luxembourg St., BF Homes International, Las Pinas City

Tel. No. 8256374 / 252358 Loc. 117/146

Powered by Koha